Blind spot /

Bibliographic Details
Main Author: Cole, Teju (Author, Photographer)
Other Authors: Hustvedt, Siri (writer of foreword.)
Format: Book
Language:English
Published: New York : Random House, [2017]
Edition:First edition.
Subjects:

MARC

Tag First Indicator Second Indicator Subfields
LEADER 00000cam a2200000 i 4500
001 in00003884621
005 20171016112416.0
008 160811t20172017nyuab 001 0deng
010 |a  2016032505 
020 |a 9780399591075  |q (hardback) 
020 |a 0399591079  |q (hardback) 
020 |z 9780399591082  |q (ebook) 
035 |a (OCoLC)ocn956583795 
040 |a DLC  |e rda  |c DLC  |d UtOrBLW 
043 |a n-us--- 
049 |a TXAM 
050 0 0 |a TR790  |b .C65 2017 
082 0 0 |a 770  |2 23 
100 1 |a Cole, Teju,  |e author,  |e photographer.  |0 http://id.loc.gov/authorities/names/n2016043724 
240 1 0 |a Photographs.  |k Selections 
245 1 0 |a Blind spot /  |c Teju Cole ; foreword by Siri Hustvedt. 
250 |a First edition. 
264 1 |a New York :  |b Random House,  |c [2017] 
264 4 |c ©2017 
300 |a xvi, 332 pages :  |b color illustrations, map ;  |c 23 cm. 
336 |a text  |b txt  |2 rdacontent 
336 |a still image  |b sti  |2 rdacontent 
337 |a unmediated  |b n  |2 rdamedia 
338 |a volume  |b nc  |2 rdacarrier 
500 |a Includes index. 
600 1 0 |a Cole, Teju  |x Travel. 
650 0 |a Travel photography.  |0 http://id.loc.gov/authorities/subjects/sh85137164 
650 0 |a International travel.  |0 http://id.loc.gov/authorities/subjects/sh2006007580 
650 0 |a Authors  |x Travel  |z United States. 
650 0 |a African American authors  |x Travel. 
700 1 |a Hustvedt, Siri,  |e writer of foreword.  |0 http://id.loc.gov/authorities/names/n87808224 
945 |b 159488 
947 |a A14850151003 
948 |a cataloged  |b h  |c 2017/7/6  |d c  |e dmitchel  |f 2:50:40 pm 
994 |a 92  |b TXA 
999 f f |s a172e239-3398-3da2-9e77-5570a8f70019  |i 69c3271b-cdd4-31dc-92da-83b7fe4f2a68  |t 0 
952 f f |p normal  |a Texas A&M University  |b College Station  |c Sterling C. Evans Library  |d Evans: Library Stacks  |t 0  |e TR790 .C65 2017  |h Library of Congress classification  |i unmediated -- volume  |m A14850151003 
998 f f |a TR790 .C65 2017  |t 0  |l Evans: Library Stacks